LEADER 01378naa a2200253 u 4500 001 000000101946 003 CaOOAMICUS 005 20070226130209.0 008 060323s1963 it u000 u ita u 035 $a11082594 040 $aIAR$bita 041 0 $aita$bger 100 1 $aSciacca, Michele Federico,$d1908-1975.$0(OLS)http://pul/name/3648 245 10$aProblematica della persona nell'idealismo romantico tedesco e nella spiritualismo italiano /$cMichele Federico Sciacca. 260 $aMerano/Meran :$bIst.culturale italo-tedesco,$c1963. 300 $aS. 59-88 ;$c25 cm 500 $adeutsche Zusammenfassung 500 $aIAR: FF-117.01 773 0 $aDie Person und deren Probleme in der deutschen und italienischen Kultur des XIX. Jahrunderts. 773 0 $aLa persona ed i suoi problemi nella cultura italiana e nella cultura tedesca dell'Ottocento. 773 0 $aDeutsch-italienisches Kulturinstitut in Südtirol; Akten.$gI (1960) 773 0 $aAccademia di studi italo-tedeschi (Merano)$tLa persona ed i suoi problemi nella cultura italiana e nella cultura tedesca dell'Ottocento nel quadro dell'unità culturale europea$gI (1960)$w()22923 996 $6245$aProblematica della persona nell'idealismo romantico tedesco e nella spiritualismo italiano$9(OLS)http://pul/title/128854 996 $6260$aMerano/Meran :$bIst.culturale italo-tedesco$9(OLS)http://pul/publisher/79184 LEADER 01272nam a2200313 a 4500 001 000000122535 003 CaOOAMICUS 005 20100719130913.0 008 100719t2003 it u000 u ita r 020 $a88-15-09089-4 040 $aPUL$bita$dReb 041 1 $aita$hger 082 04$a909 100 1 $aSchrenk, Friedemann.$0(OLS)http://pul/name/76933 240 10$aFrühzeit des menschen. Der weg zum homo sapiens$lItaliano.$0(OLS)http://pul/title/154396 245 12$aL'alba dell'umanità /$cFriedemann Schrenk. 260 $aBologna :$bIl Mulino,$c©2003. 300 $a135 p. ;$c21 cm. 490 1 $aUniversale paperbacks Il Mulino ;$v438 504 $aBibliografia p. 131-135. 650 4$aPaleontologia.$0(OLS)http://pul/subject/19454 830 0$aUniversale paperbacks Il Mulino ;$v438.$0(OLS)http://pul/title/190 850 $aPUL 852 $aPUL$W1$xDP2 Filosofia 3$y112$m909 COLL 2.438$j140736$qDDC 21$B139824$CPULBib$Z2$F139824 $H114356 $82 941 1 $a9 996 $6020$a88-15-09089-4$9(OLS)http://pul/number/144925 996 $6082$a909$9(OLS)http://pul/classification/566 996 $6245$aL'alba dell'umanità$9(OLS)http://pul/title/154395 996 $6260$aBologna :$bIl Mulino$9(OLS)http://pul/publisher/47928